000 004830000a22001810004500
020 _a0-8423-0418-5
041 0 _aENG
082 0 4 _aG 266.0092 N379c
100 1 _aNeely, Lois
245 1 0 _aCome up to this mountain : The miracle of Clarence W. Jones / Lois Neely
260 _aWheaton, ILL., USA : Tyndale
300 _a194 Pag
001 7470
942 _cBK
999 _c37683
_d37683
336 _atexto
_btxt
_2rdacontent
337 _2rdamedia
_asin mediación
_bn
338 _2rdacarrier
_avolumen
_bnc